| 000 | 00497nam a22001577a 4500 | ||
|---|---|---|---|
| 003 | MPLRDC | ||
| 005 | 20220104144502.0 | ||
| 008 | 210129b ||||| |||| 00| 0 eng d | ||
| 082 | _a051.5 MHYY v.12 1982 | ||
| 100 | _a吉隆坡马华医孳学院第十二届毕业特刊编辑委员会 | ||
| 245 |
_a吉隆坡马华医孳学院第十二届毕业特刊 _c |
||
| 260 |
_a _b吉隆坡马华医孳学院 _c1982 |
||
| 300 | _b平 | ||
| 650 | _a学术纪要、学刊 | ||
| 942 |
_cBK _o051.5 MHYY v.12 1982 |
||
| 999 |
_c50065 _d50055 |
||